01115nam a2200265 i 4500001000300000100003300003245006300036260005100099300002800150500003400178504002600212521028400238650001600522650002100538650002400559650003500583700002300618020001500641040000800656041000800664044000800672080003000680008004100710856009800751bg1 aChojecki, Andrzejd(1939- ).10aOdlewnictwo staliwa /cAndrzej Chojecki, Ireneusz Telejko. aKraków :bWydawnictwo Naukowe Akapit,c2003. a372 s. :bil. ;c24 cm. aNa s. 4 okł. błędny ISBN. aBibliogr. przy rozdz. aDla pracowników jednostek naukowo-badawczych zajmujących się zagadnieniami odlewnictwa staliwa, inżynierów i techników zatrudnionych w odlewniach, studentów Wydz. Odlewnictwa i innych wydziałów kształcących na kierunkach metalurgia, mechanika i budowa maszyn. 9aOdlewnictwo 9aStalxmetalurgia 9aStaliwoxmetalurgia 9aStopy (metalurg.)xtechnologia1 aTelejko, Ireneusz. a8389541033 cBPK apol aPOL a669.1:669.017/.018:621.74 s pl f |000 0 pol  uhttp://koha.tu.koszalin.pl/cgi-bin/koha/opac-detail.pl?biblionumber=56012yKatalog online BPK